| 000 | 00346nam a2200109Ia 4500 | ||
|---|---|---|---|
| 008 | 210430s9999 xx 000 0 und d | ||
| 082 | _a515 Z69o | ||
| 100 |
_a Dennis G.Zill.,Michael R.Cullen _955020 |
||
| 245 |
_aDifferential Equations with Boundary-value Problems 3rded. _c Dennis G.Zill.,Michael R.Cullen |
||
| 300 | _a775p. | ||
| 942 |
_cBK _2ddc |
||
| 999 |
_c565988 _d565988 |
||